La famiglia come "soggetto" sociale (Record n. 217575)

Dettagli MARC
000 -LEADER
fixed length control field 01390nam a2200205Ia 4500
001 - CONTROL NUMBER
control field a1638-41550
003 - CONTROL NUMBER IDENTIFIER
control field IT-MiCISF
008 - FIXED-LENGTH DATA ELEMENTS--GENERAL INFORMATION
fixed length control field 161014s9999||||xx |||||||||||||| ||und||
040 ## - CATALOGING SOURCE
Original cataloging agency IT-MiCISF
Transcribing agency IT-MiCISF
041 ## - LANGUAGE CODE
Language code of text/sound track or separate title it
999 ## - SYSTEM CONTROL NUMBERS (KOHA)
Koha Dewey Subclass [OBSOLETE] si
100 ## - MAIN ENTRY--PERSONAL NAME
Personal name Caccia Silvano (a cura di)
245 #0 - TITLE STATEMENT
Title La famiglia come "soggetto" sociale
Remainder of title Riconoscersi, relazionarsi, promuovere
250 ## - EDITION STATEMENT
Edition statement 1a ed.
260 ## - PUBLICATION, DISTRIBUTION, ETC. (IMPRINT)
Place of publication, distribution, etc. Milano
Name of publisher, distributor, etc. Centro Ambrosiano
Date of publication, distribution, etc. 2006
300 ## - PHYSICAL DESCRIPTION
Extent pp. 170
500 ## - GENERAL NOTE
General note Caccia S., Campiglio L., De Bernardis A., Di Sacco P., Mascheroni I., Mauro G., Nova G., Quadri G., Rossi G., Santolini L., Savaris G., Soave P., Spezzibottiani M. / famiglia, società, chiesa, pastorale-familiare, bisogni-famiglia, politica-familiare, associazionismo, esperienze / Il testo raccoglie alcuni contributi del percorso formativo realizzato nei mesi di febbraio e marzo del 2004 nella Diocesi di Milano a riguardo della soggettività sociale della famiglia, e in particolare. "Famiglia soggetto sociale e soggetto giuridico" (M. Spezzibottiani); "Bisogni della famiglia e diritti della persona" (L. Campiglio); "Famiglia e politica" (L. Santolini); "Capitale sociale e associazionismo familiare in Lombardia" (G. Rossi); "La famiglia come soggetto sociale: riconoscere-relazionarsi-promuovere" (S. Caccia).
650 ## - SUBJECT ADDED ENTRY--TOPICAL TERM
Topical term or geographic name as entry element Famiglia nella società / famiglia
Relator term 006
942 ## - ADDED ENTRY ELEMENTS (KOHA)
Koha item type LIBRO
957 ## -
-- 1
999 ## - SYSTEM CONTROL NUMBERS (KOHA)
-- 1
Dati di copia
Withdrawn status Lost status Damaged status Not for loan Home library Current library Date acquired Total Checkouts Full call number Date last seen Price effective from Koha item type Public note
    Buone Condizioni Not For Loan CISF - Milano CISF - Milano 14/10/2016   a1638-41550 14/10/2016 14/10/2016 LIBRO Data import 15.10.2016 / by Epidotti, Vaglietti
CREDITS: SOCIETA' SAN PAOLO Via A.Severo, 58 - ROMA (RM) & PERIODICI SAN PAOLO SRL Via Giotto, 36 MILANO & CISF Via Giotto, 36 MILANO & EDIZIONI SAN PAOLO SRL,  Piazza Soncino, 5 CINISELLO BALSAMO (MI) -- ITALY